| 000 | 00629nam a2200217Ia 4500 | ||
|---|---|---|---|
| 008 | 160803s9999 xx 000 0 und d | ||
| 020 | _a0 439305047 | ||
| 100 | _aZiefert, Harriet | ||
| 245 | _aSomeday we'll have very good manners / | ||
| 245 | _cby Harriet Ziefert ; illustrated by Chris Demarest. | ||
| 260 | _aNew York : | ||
| 260 | _bScholastic Inc. | ||
| 260 | _c2001 | ||
| 300 | _a[26] unnumbered pages : | ||
| 300 | _bcolor illustrations ; | ||
| 300 | _c29 cm | ||
| 500 | _aOriginally published: New York : G. P. Putnam's Sons, c2001. | ||
| 650 | _aEtiquette -- | ||
| 650 | _xFiction. | ||
| 700 | _a320 | ||
| 999 |
_c299303 _d299303 |
||